000
00266nam a2200121 4500
008
181226b xxu||||| |||| 00| 0 eng d
041
_a
eng
080
_a
030
100
_a
23
101
_a
ENC
245
_a
Britannica Book of the Year
_c
Daume,D
942
_2
ddc
_c
BK
999
_c
53759
_d
53759